Biggest Trading Partners - Papua New Guinea - Statistics

General Stats
  • This quiz has been taken 55 times
  • The average score is 16 of 19
Answer Stats
Exports Imports Country % Correct
1.94 bil 1.16 bil China
100%
88.4 mil 249 mil Indonesia
100%
2.07 bil 225 mil Japan
100%
123 mil United States
100%
2.19 bil 1.85 bil Australia
98%
126 mil New Zealand
98%
251 mil 101 mil India
96%
432 mil 145 mil South Korea
96%
142 mil 175 mil Thailand
93%
61.7 mil Vietnam
93%
142 mil Germany
91%
338 mil 993 mil Singapore
91%
218 mil 440 mil Malaysia
89%
254 mil 27.5 mil United Kingdom
89%
731 mil 134 mil Taiwan
83%
240 mil Netherlands
74%
208 mil 25.0 mil Philippines
74%
164 mil Belgium
63%
92.5 mil Finland
15%
No matching quizzes found
Score Distribution
Percent of People with Each Score
Percentile by Number Answered
Your Score History
You have not taken this quiz